JSP 2.0 : the complete reference

Αποθηκεύτηκε σε:
Λεπτομέρειες βιβλιογραφικής εγγραφής
Κύριος συγγραφέας: Hanna, Phil
Μορφή: Βιβλίο
Γλώσσα:English
Δημοσίευση: New York : McGraw-Hill/Osborne, c2003
Θέματα:
Ετικέτες: Προσθήκη ετικέτας
Δεν υπάρχουν, Καταχωρήστε ετικέτα πρώτοι!

MARC

LEADER 00000nam a2200000 i 4500
001 1/45275
008 031125s2003 eng d
020 |a 0-07-222437-1 
035 |l 10071696 
040 |a GR-MY-UA  |b gre  |e aacr 
041 0 |a eng 
082 0 |a 005.133  |2 (21) 
100 1 |a Hanna, Phil. 
245 1 0 |a JSP 2.0 :  |b the complete reference /  |c Phil Hanna 
260 |a New York :   |b McGraw-Hill/Osborne,   |c c2003 
300 |a xix, 841 σ.;  |b εικ.;  |c 24 εκ. 
504 |a Περιέχει ευρετήριο 
650 0 0 |a Java (Computer program language) 
650 0 0 |a Web sites  |x Design. 
852 |a INST  |b LESVOS  |e 20031125  |h 005.133 HAN  |p 005100030982  |q 005100030982  |t BK  |y 0 
901 |a BIBL1-2003-3 
909 |a Λ  |b 106992 
922 |a 1ΕΛΗ  |b 200311  |c ΤΑΚ/ΚΥΒ  |d LEADER 
950 |a 023-2003-06-11 
970 |a ΤΖΑΦΕΡΗ  |b ΕΥΑΓΓΕΛΙΑ  |z 2003/11/26